000 00501nam a2200193Ia 4500
005 20250326142323.0
008 250326s9999 xx 000 0 und d
020 _a0-333-77673-9
037 _aTextbook
040 _aFMSL
_beng
_cFMSL
041 _aeng
_2eng
084 _aX:512 P0
_qFMSL
100 _aClifton R
_9745924
245 0 _aFuture of brands
_cClifton R
260 _aU.K.
_bU.K., Macmillan
_c2000
300 _a112p
942 _cTB
_hX:512 P0
999 _c1294466
_d1294466